World's Largest Cities Between Cancer and Capricorn - Statistics

General Stats
  • This quiz has been taken 21 times
  • The average score is 14 of 16
Answer Stats
Rank Population (Metro) Answer % Correct
2 30,539,000 Jakarta
100%
38 8,957,000 Ho Chi Minh
95%
27 11,587,000 Kinshasa
95%
24 13,123,000 Lagos
95%
30 10,750,000 Lima
95%
4 24,123,000 Manila
95%
13 17,712,000 Mumbai
95%
19 14,998,000 Bangkok
90%
37 8,991,000 Bogota
90%
12 20,063,000 Mexico
85%
35 9,714,000 Chennai
80%
49 7,088,000 Kuala Lumpur
80%
20 14,667,000 Kolkata
75%
39 8,754,000 Hyderabad
70%
41 8,728,000 Bengaluru
65%
48 7,186,000 Ahmedabad
60%
No matching quizzes found
Score Distribution
Percent of People with Each Score
Percentile by Number Answered
Your Score History
You have not taken this quiz